=LDR 00000nam 2200000 4500 =001 INLIS000000000028938 =005 20130612131216 =008 ***********************************Ind** =035 ##$$0010-061300000028938 =041 ##$$a Ind =082 ##$$a F Rom D =090 ##$$a F Rom D, Mun a =100 ##$$a Munif, Achmad =245 ##$$a Cintavaganza, Achmad Munif =260 ##$$a 2005 $b Yogyakarta =300 ##$$a 272 hlm, 21 cm =650 ##$$a Fiksi Dewasa =850 ##$$a NBPNMAT